000 00268nam a22001217a 4500
008 170904b xxu||||| |||| 00| 0 eng d
041 _aeng
080 _a070
100 _a40
101 _aMED
245 _aINTERNATIONAL RELATIONS
_cGOLDESTEIN.J.S
942 _2udc
_cBK
999 _c26056
_d26056